000 00264 a2200097 4500
001 13330
100 _aAlciatore D.G.
245 _aHandbook of research methods in industrial and organizational psychology
260 _a
_bBlackwell pub
_c2003
090 _c10349
_d10349
942 _aNUST-CAE
_cM
_c391
999 _c248403
_d248403